Les rois de Rome: tradition et histoire
Saved in:
| Hovedforfatter: | |
|---|---|
| Format: | Bog |
| Sprog: | fransk italiensk |
| Udgivet: |
Lovaina
Académie royale de Belgique
2000
|
| Serier: | Collection Mémoire de la Classe des Letres, 8
|
| Fag: | |
| Tags: |
Tilføj Tag
Ingen Tags, Vær først til at tagge denne postø!
|
MARC
| LEADER | 00000nam a2200000 a 4500 | ||
|---|---|---|---|
| 001 | UCJ2706 | ||
| 003 | CL-VaPUC | ||
| 008 | 070112e20000000BE |||||||||||||||||fre|d | ||
| 020 | |a 2803101718 | ||
| 041 | 0 | 7 | |a fre |2 CL-VaPUC |
| 041 | 0 | 7 | |a ita |2 CL-VaPUC |
| 082 | 0 | 4 | |a 937 |b POU |2 21 |
| 100 | 0 | |a Poucet, Jacques |e author |9 503626 | |
| 245 | 1 | 4 | |a Les rois de Rome: tradition et histoire |
| 300 | |a 517 p | ||
| 942 | |c BK | ||
| 945 | |d 20070112 00:00:00 |a jtorresc | ||
| 260 | |a Lovaina |b Académie royale de Belgique |c 2000 | ||
| 650 | 0 | |a Historia antigua |9 267521 | |
| 650 | 0 | |a Imperio Romano |9 322785 | |
| 650 | 0 | |a República romana |9 433651 | |
| 650 | 7 | |a INFLUENCIAS ROMANAS |2 CL-VaPUC |9 397579 | |
| 650 | 7 | |a TRADICION |2 CL-VaPUC |9 375988 | |
| 650 | 0 | |a Ciudades |9 265474 | |
| 650 | 0 | |a Sociedad |9 307903 | |
| 650 | 0 | |a Civilización romana |9 438909 | |
| 651 | 0 | |a Roma |9 255106 | |
| 583 | |a last modification |c 20070112 00:00:00 |k Rodrigo Vera | ||
| 490 | 0 | |a Collection Mémoire de la Classe des Letres, 8 | |
| 999 | |c 318840 |d 318838 | ||
| 952 | |0 0 |1 0 |4 0 |6 937_000000000000000_POU_2000 |7 0 |8 A |9 397027 |a BIBHIS |b BIBHIS |d 2019-11-22 |i 4290143 |o 937 POU 2000 |p 4290143 |r 2025-01-20 |w 2019-11-22 |y BK |k HIS | ||